000 01320nac a2200289 a 4500
999 _c20214
_d20214
005 20180601123454.0
008 140424s2012 ck gr 00010bspa d
020 _a9789587530711
020 _a9789587530582 (obra completa)
040 _aCO-BoBLA
_cCO-BoBLA
_dCO-BoIAVH
041 0 _aspa
044 _ack
082 0 4 _a306.409861
_bP14h
100 1 _aRestrepo Manrique, Cecilia
_eautora
245 1 3 _aLa alimentación en la vida cotidiana del Colegio Mayor de Nuestra Señora del Rosario :
_b1653-1773, 1776-1900 /
_cCecilia Restrepo Manrique.
260 _aBogotá (Colombia) :
_bMinisterio de Cultura,
_c2012.
300 _a346 páginas ;
_c21 x 17 cm.
490 0 _aBiblioteca básica de cocinas tradicionales de Colombia ;
_v6
500 _aGlosario: páginas 309-314.
504 _aIncluye referencias bibliográficas: páginas 315-346.
610 2 4 _aColegio Mayor Nuestra Señora del Rosario (Bogotá, Colombia)
_xVida social y costumbres
610 2 4 _aColegio Mayor Nuestra Señora del Rosario (Bogotá, Colombia)
_xHistoria
650 2 6 _aPueblos indígenas
_xAlimentos
_xHistoria
_zColombia
_y1776-1900.
650 2 6 _aCostumbres alimenticias
_xHistoria
_zColombia
_y1776-1900.
650 2 6 _aAgricultura
_xHistoria
_zColombia
_y1776-1900.
942 _2ddc
_cLIBRO